000 00441pab a2200169 454500
008 180718b1999 xxu||||| |||| 00| 0 eng d
100 _aPunitha, M.
245 _aWomen entrepreneurs: their problems and constraints
260 _c1999
300 _ap.707-16
362 _aOct-Dec
650 _aWomen in business
700 _aPadmavathi, K.
700 _aSangeetha, S.
773 _aIndian Journal of Labour Economics
909 _a43374
999 _c43374
_d43374